[Event "2nd Irena Warakomska Memorial-A"]
[Site "Suwalki"]
[Date "2018.08.03"]
[Round "3"]
[White "Goluch, Piotr"]
[Black "Nasuta, Grzegorz"]
[Result "1/2-1/2"]
[WhiteElo "2301"]
[BlackElo "2497"]
[Annotator "TA"]
[PlyCount "46"]
[EventDate "2018.08.01"]
[EventType "swiss"]
[EventCountry "POL"]
[SourceTitle "playchess.com"]
[Source "ChessBase"]
[SourceQuality "1"]

{[%evp 29,33,13,16,21,45,35]} 1. e4 e5 2. Nf3 Nc6 3. Bb5 a6 4. Ba4 Nf6 5. O-O Be7 6. Re1 b5 7. Bb3 d6 8. c3 O-O 9. h3 Nb8 10. d4 Nbd7 11. Nbd2 Bb7 12. Bc2 Re8 13. b3 Bf8 14. Bb2 g6 15. a4 Bg7 {LiveBook: 22 Partien} 16. dxe5 {C95: Spanische Partie (Breyer-Variante)} (16. Bd3 c6 17. Qc2 Qc7 18. c4 bxa4 19. c5 axb3 20. Nxb3 exd4 21. cxd6 Qxd6 22. Bxd4 Nh5 23. Bxg7 Nxg7 {1-0 (56) Sevian,S (2624)-Kim,Y (2333) Philadelphia 2018}) 16... dxe5 17. Qe2 {Vorgänger:} Bc6 $146 18. b4 Nh5 19. Bc1 Nf4 20. Qf1 Nb6 21. a5 Na4 22. g3 Ne6 23. Bxa4 bxa4 {0-1 (45) Dvoirys,S-Gofshtein,L Beltsy 1979} 1/2-1/2

[Event "2nd Irena Warakomska Memorial-A"]
[Site "Suwalki"]
[Date "2018.08.03"]
[Round "3"]
[White "Szustakowski, Antoni"]
[Black "Dzhuguryan, Tygran"]
[Result "1/2-1/2"]
[WhiteElo "2300"]
[BlackElo "2179"]
[Annotator "ChessBase"]
[PlyCount "125"]
[EventDate "2018.08.01"]
[EventType "swiss"]
[EventCountry "POL"]
[SourceTitle "playchess.com"]
[Source "ChessBase"]
[SourceQuality "1"]
[TimeControl "40/5400+30:1800+30"]

1. d4 {[%emt 0:00:00]} d5 {[%emt 0:00:11]} 2. c4 {[%emt 0:00:00]} dxc4 {[%emt 0:01:13]} 3. Nf3 {[%emt 0:00:00]} Nf6 {[%emt 0:00:13]} 4. e3 b5 {[%emt 0:00:56]} 5. a4 {[%emt 0:02:13]} b4 {[%emt 0:00:31]} 6. Bxc4 {[%emt 0:00:14]} Bb7 {[%emt 0:00:51]} 7. O-O {[%emt 0:01:58]} e6 {[%emt 0:01:22]} 8. Qe2 {[%emt 0:07:59]} Nbd7 {[%emt 0:02:37]} 9. Rd1 Be7 {[%emt 0:07:42]} 10. b3 {[%emt 0:04:23]} O-O {[%emt 0:00:51]} 11. Bb2 {[%emt 0:00:12]} c5 {[%emt 0:06:47]} 12. Nbd2 {[%emt 0:01:40]} cxd4 13. Nxd4 {[%emt 0:08:10]} Rc8 {[%emt 0:28:15]} 14. N2f3 {[%emt 0:06:04]} Bd5 {[%emt 0:04:43]} 15. Bb5 {[%emt 0:07:54]} Nc5 {[%emt 0:09:36]} 16. Nc6 {[%emt 0:25:37]} Qc7 {[%emt 0:00:09]} 17. Nxb4 {[%emt 0:00:08]} Bxf3 {[%emt 0:07:11]} 18. Qxf3 {[%emt 0:00:06]} Nxb3 {[%emt 0:00:06]} 19. Rab1 {[%emt 0:00:12]} Nd2 {[%emt 0:11:06]} 20. Rxd2 {[%emt 0:05:25]} Bxb4 21. Rd4 {[%emt 0:08:23]} Qc2 {[%emt 0:02:21]} 22. Bd3 {[%emt 0:02:08]} Qd2 {[%emt 0:00:04]} 23. Bxh7+ {[%emt 0:02:03]} Nxh7 {[%emt 0:00:10]} 24. Rxd2 {[%emt 0:00:04]} Bxd2 {[%emt 0:00:01]} 25. Qg4 {[%emt 0:02:09]} Bc3 {[%emt 0:00:24]} 26. Bxc3 {[%emt 0:00:07]} Rxc3 {[%emt 0:00:02]} 27. Qd4 {[%emt 0:00:24]} Rfc8 {[%emt 0:00:06]} 28. h3 {[%emt 0:00:15]} R3c7 {[%emt 0:00:11]} 29. Rb5 {[%emt 0:00:54]} Nf6 {[%emt 0:00:49]} 30. Rg5 {[%emt 0:01:03]} Kf8 {[%emt 0:01:25]} 31. Qd6+ {[%emt 0:03:21]} Kg8 {[%emt 0:00:03]} 32. Qg3 {[%emt 0:03:01]} Ne8 {[%emt 0:00:03]} 33. h4 {[%emt 0:01:34]} Rc4 {[%emt 0:03:50]} 34. h5 {[%emt 0:00:45]} Kh7 {[%emt 0:01:28]} 35. Ra5 {[%emt 0:04:13]} R8c7 {[%emt 0:00:45]} 36. Qg5 {[%emt 0:02:27]} Nd6 {[%emt 0:03:28]} 37. f3 {[%emt 0:00:57]} Nf5 {[%emt 0:01:16]} 38. e4 {[%emt 0:00:44]} Nh6 {[%emt 0:03:00]} 39. Qe3 {[%emt 0:00:47]} Rc3 {[%emt 0:01:23]} 40. Qd4 {[%emt 0:00:00]} R3c4 {[%emt 0:00:00]} 41. Qd8 {[%emt 0:03:32]} Rc8 {[%emt 0:00:57]} 42. Qd7 {[%emt 0:00:25]} R8c7 {[%emt 0:00:03]} 43. Qb5 {[%emt 0:00:06]} Rc1+ {[%emt 0:01:56]} 44. Kh2 {[%emt 0:00:18]} Re7 {[%emt 0:00:08]} 45. Qb8 {[%emt 0:01:06]} Rcc7 {[%emt 0:00:07]} 46. Qf8 {[%emt 0:00:33]} f5 {[%emt 0:02:43]} 47. Rb5 {[%emt 0:04:09]} fxe4 {[%emt 0:01:32]} 48. Rb8 {[%emt 0:00:48]} Nf7 {[%emt 0:00:16]} 49. fxe4 {[%emt 0:00:26]} e5 {[%emt 0:10:28]} 50. Kh3 {[%emt 0:02:38]} Re6 {[%emt 0:03:45]} 51. Kg4 {[%emt 0:06:28]} g6 {[%emt 0:01:03]} 52. a5 {[%emt 0:10:28]} gxh5+ {[%emt 0:03:51]} 53. Kh3 {[%emt 0:00:10]} Rg6 {[%emt 0:04:58]} 54. Qb4 {[%emt 0:03:07]} Rc1 {[%emt 0:01:18]} 55. g3 {[%emt 0:01:35]} Rc2 {[%emt 0:01:51]} 56. Rb7 {[%emt 0:01:14]} Rg7 {[%emt 0:00:02]} 57. g4 {[%emt 0:00:20]} Rf2 {[%emt 0:05:25]} 58. Rxa7 {[%emt 0:02:42]} Rf3+ {[%emt 0:00:18]} 59. Kg2 {[%emt 0:01:15]} Rf4 {[%emt 0:00:02]} 60. Qf8 {[%emt 0:00:28]} Rgxg4+ {[%emt 0:00:12]} 61. Kh2 {[%emt 0:00:19]} Rg7 {[%emt 0:01:01]} 62. Qe7 {[%emt 0:00:34]} Rfg4 {[%emt 0:01:29]} 63. a6 {[%emt 0:00:33]} 1/2-1/2

[Event "2nd Irena Warakomska Memorial-A"]
[Site "Suwalki"]
[Date "2018.08.03"]
[Round "3"]
[White "Kowalski, Igor"]
[Black "Paprocki, Jaroslaw"]
[Result "1-0"]
[WhiteElo "2294"]
[BlackElo "2177"]
[Annotator "NA"]
[PlyCount "107"]
[EventDate "2018.08.01"]
[EventType "swiss"]
[EventCountry "POL"]
[SourceTitle "playchess.com"]
[Source "ChessBase"]
[SourceQuality "1"]
[TimeControl "40/5400+30:1800+30"]

1. d4 {[%emt 0:00:00]} Nf6 {[%emt 0:00:00]} 2. g3 {[%emt 0:00:00]} e6 {[%emt 0:02:42]} 3. Bg2 {[%emt 0:00:00]} d5 {[%emt 0:00:37]} 4. Nf3 {[%emt 0:00:00]} b5 {[%emt 0:04:18]} 5. a4 {[%emt 0:00:55]} b4 {[%emt 0:00:11]} 6. c4 {[%emt 0:00:20]} Bb7 {[%emt 0:05:30]} 7. Ne5 {[%emt 0:02:10]} Nbd7 {[%emt 0:05:03]} 8. Bg5 {[%emt 0:04:42]} Be7 {[%emt 0:02:03]} 9. cxd5 {[%emt 0:01:33]} Nxe5 {[%emt 0:02:16]} 10. dxe5 {[%emt 0:00:11]} Nxd5 {[%emt 0:00:21]} 11. Bxe7 {[%emt 0:00:07]} Qxe7 {[%emt 0:00:33]} 12. O-O {[%emt 0:00:15]} O-O {[%emt 0:06:28]} 13. Nd2 {[%emt 0:01:31]} Rad8 {[%emt 0:04:37]} 14. Qc2 {[%emt 0:00:14]} Ba6 {[%emt 0:07:10]} 15. Nb3 {[%emt 0:05:13]} c5 {[%emt 0:01:59]} 16. Qxc5 {[%emt 0:01:04]} Bxe2 {[%emt 0:01:17]} 17. Rfe1 {[%emt 0:00:21]} Qxc5 {[%emt 0:12:52]} 18. Nxc5 {[%emt 0:00:09]} Bh5 {[%emt 0:00:25]} 19. Rac1 {[%emt 0:03:41]} Bg6 {[%emt 0:10:57]} 20. Red1 {[%emt 0:20:50]} Nb6 {[%emt 0:08:57]} 21. Rxd8 {[%emt 0:00:54]} Rxd8 {[%emt 0:00:08]} 22. a5 {[%emt 0:00:10]} Nd5 {[%emt 0:01:17]} 23. Nb7 {[%emt 0:01:37]} Rb8 {[%emt 0:00:38]} 24. Nd6 {[%emt 0:01:41]} Kf8 {[%emt 0:13:59]} 25. Bxd5 {[%emt 0:07:16]} exd5 {[%emt 0:00:04]} 26. Rc8+ {[%emt 0:00:05]} Rxc8 {[%emt 0:00:03]} 27. Nxc8 {[%emt 0:00:03]} Bf5 {[%emt 0:02:07]} 28. Nd6 {[%emt 0:03:06]} Bd7 {[%emt 0:00:59]} 29. f4 {[%emt 0:02:16]} Ke7 {[%emt 0:00:18]} 30. Kf2 {[%emt 0:00:03]} f6 {[%emt 0:02:56]} 31. Ke3 {[%emt 0:00:07]} g5 {[%emt 0:02:22]} 32. Kd4 {[%emt 0:00:17]} gxf4 {[%emt 0:01:10]} 33. gxf4 {[%emt 0:00:05]} fxe5+ {[%emt 0:00:40]} 34. fxe5 {[%emt 0:00:46]} Ke6 {[%emt 0:01:25]} 35. Nb7 {[%emt 0:00:46]} Bc6 {[%emt 0:00:34]} 36. Nc5+ {[%emt 0:01:59]} Kf5 {[%emt 0:00:18]} 37. Nd3 {[%emt 0:00:10]} b3 {[%emt 0:00:40]} 38. Nb4 {[%emt 0:00:13]} Ba4 {[%emt 0:00:29]} 39. a6 {[%emt 0:32:56]} h5 {[%emt 0:00:26]} 40. Kxd5 {[%emt 0:00:00]} Bb5 {[%emt 0:00:00]} 41. e6 {[%emt 0:08:32]} h4 {[%emt 0:09:50]} 42. e7 {[%emt 0:01:40]} Kf6 {[%emt 0:01:01]} 43. Kd6 {[%emt 0:00:29]} h3 {[%emt 0:02:08]} 44. Nd5+ {[%emt 0:00:54]} Kf7 {[%emt 0:02:31]} 45. Nc7 {[%emt 0:02:07]} Be8 {[%emt 0:02:23]} 46. Ne6 {[%emt 0:00:36]} Bb5 {[%emt 0:02:24]} 47. Ng5+ {[%emt 0:00:46]} Ke8 {[%emt 0:01:51]} 48. Nxh3 {[%emt 0:00:42]} Bxa6 {[%emt 0:00:09]} 49. Nf4 {[%emt 0:00:03]} Kf7 {[%emt 0:01:35]} 50. Nd5 {[%emt 0:00:28]} Bb5 {[%emt 0:01:15]} 51. Nc7 {[%emt 0:00:04]} Ba4 {[%emt 0:00:29]} 52. e8=B+ {[%emt 0:01:03]} Bxe8 {[%emt 0:00:10]} 53. Nxe8 {[%emt 0:00:03]} Kxe8 {[%emt 0:00:18]} 54. Kc5 {[%emt 0:00:03]} 1-0

[Event "2nd Irena Warakomska Memorial-A"]
[Site "Suwalki"]
[Date "2018.08.03"]
[Round "3"]
[White "Kyc, Jerzy"]
[Black "Zielinski, Wojciech"]
[Result "1-0"]
[WhiteElo "2283"]
[BlackElo "2157"]
[Annotator "NA"]
[PlyCount "85"]
[EventDate "2018.08.01"]
[EventType "swiss"]
[EventCountry "POL"]
[SourceTitle "playchess.com"]
[Source "ChessBase"]
[SourceQuality "1"]
[TimeControl "40/5400+30:1800+30"]

1. e4 {[%emt 0:00:00]} e6 {[%emt 0:00:00]} 2. d4 {[%emt 0:00:00]} d5 {[%emt 0:00:00]} 3. Nd2 {[%emt 0:00:00]} dxe4 {[%emt 0:00:00]} 4. Nxe4 {[%emt 0:00:00]} Nd7 {[%emt 0:00:00]} 5. Nf3 {[%emt 0:00:03]} Ngf6 {[%emt 0:00:00]} 6. Nxf6+ {[%emt 0:01:50]} Nxf6 {[%emt 0:00:04]} 7. Bd3 {[%emt 0:00:07]} c5 {[%emt 0:00:27]} 8. O-O {[%emt 0:00:41]} cxd4 {[%emt 0:01:44]} 9. Nxd4 {[%emt 0:00:23]} Be7 {[%emt 0:00:17]} 10. Re1 {[%emt 0:03:06]} O-O {[%emt 0:00:54]} 11. c3 {[%emt 0:09:17]} Qb6 {[%emt 0:24:08]} 12. Qc2 {[%emt 0:09:32]} h6 {[%emt 0:03:49]} 13. Bf4 {[%emt 0:18:28]} Nd5 {[%emt 0:05:37]} 14. Be5 {[%emt 0:00:35]} Bf6 {[%emt 0:08:33]} 15. Rad1 {[%emt 0:00:47]} Bxe5 {[%emt 0:01:45]} 16. Rxe5 {[%emt 0:00:03]} Qd6 {[%emt 0:02:26]} 17. Ree1 {[%emt 0:01:27]} Qb6 {[%emt 0:09:36]} 18. Bh7+ {[%emt 0:02:27]} Kh8 {[%emt 0:00:08]} 19. Be4 {[%emt 0:00:20]} Nf6 {[%emt 0:01:23]} 20. Bf3 {[%emt 0:04:31]} Bd7 {[%emt 0:01:27]} 21. Rd2 {[%emt 0:05:56]} Rad8 {[%emt 0:04:50]} 22. Qb3 {[%emt 0:07:38]} Qxb3 {[%emt 0:05:39]} 23. axb3 {[%emt 0:00:17]} Bc6 {[%emt 0:09:00]} 24. Bxc6 {[%emt 0:00:45]} bxc6 {[%emt 0:00:03]} 25. b4 {[%emt 0:03:08]} Rd5 {[%emt 0:02:28]} 26. Ra1 {[%emt 0:09:32]} Rfd8 {[%emt 0:02:23]} 27. Re2 {[%emt 0:06:09]} R8d6 {[%emt 0:07:48]} 28. f4 {[%emt 0:02:39]} g5 {[%emt 0:00:29]} 29. fxg5 {[%emt 0:00:44]} hxg5 {[%emt 0:00:15]} 30. Rxa7 {[%emt 0:00:36]} e5 {[%emt 0:00:26]} 31. Nf3 {[%emt 0:02:30]} Rd1+ {[%emt 0:01:59]} 32. Kf2 {[%emt 0:00:06]} Nd5 {[%emt 0:01:29]} 33. Rxe5 {[%emt 0:04:41]} g4 {[%emt 0:01:13]} 34. Rxf7 {[%emt 0:00:28]} Nf6 {[%emt 0:01:01]} 35. Nd4 {[%emt 0:01:32]} Rd2+ {[%emt 0:03:23]} 36. Re2 {[%emt 0:00:49]} g3+ {[%emt 0:00:13]} 37. hxg3 {[%emt 0:00:25]} Rd1 {[%emt 0:02:00]} 38. Nf5 {[%emt 0:01:05]} Ng4+ {[%emt 0:00:15]} 39. Kf3 {[%emt 0:00:15]} Nh2+ {[%emt 0:00:58]} 40. Kf4 {[%emt 0:00:00]} Rf1+ {[%emt 0:00:00]} 41. Kg5 {[%emt 0:01:10]} Rd8 {[%emt 0:00:45]} 42. Ree7 {[%emt 0:00:31]} Rg8+ {[%emt 0:00:16]} 43. Kh5 {[%emt 0:00:02]} 1-0

[Event "2nd Irena Warakomska Memorial-A"]
[Site "Suwalki"]
[Date "2018.08.03"]
[Round "3"]
[White "Paszewski, Mateusz"]
[Black "Praczukowski, Stanislaw"]
[Result "1-0"]
[WhiteElo "2274"]
[BlackElo "2136"]
[Annotator "NA"]
[PlyCount "65"]
[EventDate "2018.08.01"]
[EventType "swiss"]
[EventCountry "POL"]
[SourceTitle "playchess.com"]
[Source "ChessBase"]
[SourceQuality "1"]
[TimeControl "40/5400+30:1800+30"]

1. d4 d5 2. Bf4 Nf6 3. e3 c5 4. dxc5 e6 5. b4 a5 6. c3 axb4 7. cxb4 Be7 8. Nc3 O-O 9. a3 Nc6 10. Bb5 e5 11. Bxc6 exf4 12. Bxd5 fxe3 13. fxe3 Ng4 14. Qf3 Bh4+ 15. g3 Bg5 16. O-O-O Qe7 17. Kb2 Bf6 18. e4 Ne5 19. Qe3 Be6 20. Nf3 Bxd5 21. Nxe5 Bxe4 22. Qxe4 Bxe5 23. Rhe1 f6 24. Qc4+ Kh8 25. Kb3 b6 26. c6 Qa7 27. Nb5 Qa4+ 28. Ka2 Ra5 29. Rd5 Rxb5 30. Rxb5 Rd8 31. Re2 Rd1 32. Rbxe5 fxe5 33. c7 1-0

[Event "2nd Irena Warakomska Memorial-A"]
[Site "Suwalki"]
[Date "2018.08.03"]
[Round "3"]
[White "Marszalek, Maciej"]
[Black "Dmochowska, Agnieszka"]
[Result "1/2-1/2"]
[WhiteElo "2269"]
[BlackElo "2096"]
[Annotator "NA"]
[PlyCount "37"]
[EventDate "2018.08.01"]
[EventType "swiss"]
[EventCountry "POL"]
[SourceTitle "playchess.com"]
[Source "ChessBase"]
[SourceQuality "1"]
[TimeControl "40/5400+30:1800+30"]

1. d4 {[%emt 0:00:47]} Nf6 {[%emt 0:00:15]} 2. c4 {[%emt 0:00:09]} e6 {[%emt 0:00:05]} 3. g3 {[%emt 0:00:22]} b6 {[%emt 0:05:53]} 4. Bg2 {[%emt 0:01:02]} c6 {[%emt 0:00:05]} 5. Nc3 {[%emt 0:00:29]} Bb7 {[%emt 0:01:01]} 6. Nf3 {[%emt 0:07:08]} Be7 {[%emt 0:01:05]} 7. O-O {[%emt 0:01:10]} d5 {[%emt 0:01:00]} 8. Qd3 {[%emt 0:01:01]} O-O {[%emt 0:01:06]} 9. Rd1 {[%emt 0:00:06]} Nbd7 {[%emt 0:02:59]} 10. Bg5 {[%emt 0:06:06]} h6 {[%emt 0:01:12]} 11. Bxf6 {[%emt 0:00:06]} Nxf6 {[%emt 0:00:08]} 12. Ne5 {[%emt 0:00:57]} Nd7 {[%emt 0:02:13]} 13. cxd5 {[%emt 0:09:12]} cxd5 {[%emt 0:02:03]} 14. Nf3 {[%emt 0:09:36]} Nf6 {[%emt 0:01:02]} 15. Rac1 {[%emt 0:04:31]} Rc8 {[%emt 0:00:44]} 16. Ne5 {[%emt 0:00:55]} Nd7 {[%emt 0:06:29]} 17. Nf3 {[%emt 0:08:24]} Nf6 {[%emt 0:02:27]} 18. Ne5 {[%emt 0:00:09]} Nd7 {[%emt 0:00:11]} 19. Nf3 {[%emt 0:00:05]} 1/2-1/2

[Event "2nd Irena Warakomska Memorial-A"]
[Site "Suwalki"]
[Date "2018.08.03"]
[Round "3"]
[White "Sowul, Bartosz"]
[Black "Maj, Pawel"]
[Result "1-0"]
[WhiteElo "2257"]
[BlackElo "1521"]
[Annotator "NA"]
[PlyCount "69"]
[EventDate "2018.08.01"]
[EventType "swiss"]
[EventCountry "POL"]
[SourceTitle "playchess.com"]
[Source "ChessBase"]
[SourceQuality "1"]
[TimeControl "40/5400+30:1800+30"]

1. d4 {[%emt 0:00:00]} Nf6 {[%emt 0:00:00]} 2. c4 {[%emt 0:00:00]} e6 {[%emt 0:00:48]} 3. Nc3 {[%emt 0:00:00]} Bb4 {[%emt 0:00:11]} 4. a3 {[%emt 0:02:04]} Bxc3+ {[%emt 0:00:20]} 5. bxc3 {[%emt 0:00:04]} d6 {[%emt 0:00:28]} 6. e3 {[%emt 0:00:34]} Qe7 {[%emt 0:00:20]} 7. Bd3 {[%emt 0:01:48]} Nbd7 {[%emt 0:00:19]} 8. Ne2 {[%emt 0:00:22]} b6 {[%emt 0:02:58]} 9. a4 {[%emt 0:02:47]} Bb7 {[%emt 0:00:31]} 10. O-O {[%emt 0:04:09]} Be4 {[%emt 0:02:37]} 11. a5 {[%emt 0:03:16]} O-O {[%emt 0:00:35]} 12. Ng3 {[%emt 0:01:05]} Bxd3 {[%emt 0:00:34]} 13. Qxd3 {[%emt 0:00:05]} c5 {[%emt 0:09:07]} 14. e4 {[%emt 0:03:42]} Rfc8 {[%emt 0:04:53]} 15. f4 {[%emt 0:02:24]} bxa5 {[%emt 0:03:41]} 16. e5 {[%emt 0:08:18]} Ne8 {[%emt 0:01:58]} 17. Ne4 {[%emt 0:00:23]} f5 {[%emt 0:03:52]} 18. exf6 {[%emt 0:01:29]} Nexf6 {[%emt 0:00:32]} 19. Rxa5 {[%emt 0:11:12]} Nxe4 {[%emt 0:09:26]} 20. Qxe4 {[%emt 0:00:05]} Nf6 {[%emt 0:00:20]} 21. Qe2 {[%emt 0:00:36]} Qd7 {[%emt 0:01:21]} 22. Re1 {[%emt 0:02:25]} cxd4 {[%emt 0:01:01]} 23. cxd4 {[%emt 0:00:07]} d5 {[%emt 0:01:16]} 24. c5 {[%emt 0:05:21]} Ne4 {[%emt 0:00:08]} 25. f5 {[%emt 0:00:07]} exf5 {[%emt 0:08:00]} 26. Bf4 {[%emt 0:00:10]} Re8 {[%emt 0:00:46]} 27. Be5 {[%emt 0:01:37]} Re6 {[%emt 0:01:22]} 28. Rea1 {[%emt 0:03:34]} Rg6 {[%emt 0:07:02]} 29. Ra6 {[%emt 0:03:44]} Qb7 {[%emt 0:04:19]} 30. h3 {[%emt 0:13:27]} Nc3 {[%emt 0:08:08]} 31. Qf1 {[%emt 0:07:21]} Qd7 {[%emt 0:12:34]} 32. Rxg6 {[%emt 0:03:10]} hxg6 {[%emt 0:00:08]} 33. Qa6 {[%emt 0:00:13]} f4 {[%emt 0:05:01]} 34. c6 {[%emt 0:01:50]} Qf7 {[%emt 0:01:37]} 35. Qb7 {[%emt 0:00:46]} 1-0

[Event "2nd Irena Warakomska Memorial-A"]
[Site "Suwalki"]
[Date "2018.08.03"]
[Round "3"]
[White "Kumala, Aleksander"]
[Black "Bernadskiy, Vitaliy"]
[Result "0-1"]
[WhiteElo "2238"]
[BlackElo "2544"]
[Annotator "ChessBase"]
[PlyCount "78"]
[EventDate "2018.08.01"]
[EventType "swiss"]
[EventCountry "POL"]
[SourceTitle "playchess.com"]
[Source "ChessBase"]
[SourceQuality "1"]
[TimeControl "40/5400+30:1800+30"]

1. e4 {[%emt 0:01:56]} c5 {[%emt 0:00:00]} 2. b3 {[%emt 0:01:32]} g6 {[%emt 0:00:00]} 3. Bb2 {[%emt 0:00:03]} Nf6 {[%emt 0:00:00]} 4. Qf3 {[%emt 0:00:05]} d6 {[%emt 0:00:37]} 5. Bb5+ {[%emt 0:00:24]} Nbd7 {[%emt 0:04:10]} 6. Bxf6 {[%emt 0:00:11]} exf6 {[%emt 0:00:03]} 7. Qd3 {[%emt 0:00:08]} a6 {[%emt 0:02:19]} 8. Bxd7+ {[%emt 0:00:23]} Bxd7 {[%emt 0:01:04]} 9. Nc3 {[%emt 0:02:23]} f5 {[%emt 0:02:05]} 10. O-O-O {[%emt 0:05:58]} Qf6 {[%emt 0:09:18]} 11. exf5 {[%emt 0:14:13]} O-O-O {[%emt 0:04:44]} 12. fxg6 {[%emt 0:01:11]} hxg6 {[%emt 0:00:49]} 13. Qf3 {[%emt 0:02:52]} Qg7 {[%emt 0:04:00]} 14. Nge2 {[%emt 0:10:29]} Bc6 {[%emt 0:00:28]} 15. Qg3 {[%emt 0:00:19]} Be7 {[%emt 0:00:08]} 16. d4 {[%emt 0:09:39]} Bh4 {[%emt 0:02:07]} 17. Qe3 {[%emt 0:00:36]} Bxg2 {[%emt 0:11:12]} 18. Rhg1 {[%emt 0:00:31]} Bc6 {[%emt 0:00:05]} 19. dxc5 {[%emt 0:02:36]} Rde8 {[%emt 0:01:17]} 20. Qd4 {[%emt 0:10:46]} Qxd4 {[%emt 0:06:36]} 21. Nxd4 {[%emt 0:00:11]} Bxf2 {[%emt 0:00:27]} 22. Nxc6 {[%emt 0:04:46]} Bxg1 {[%emt 0:00:42]} 23. cxd6 {[%emt 0:00:15]} Be3+ {[%emt 0:04:22]} 24. Kb2 {[%emt 0:00:24]} Kd7 {[%emt 0:01:09]} 25. Na5 {[%emt 0:01:10]} Bb6 {[%emt 0:00:15]} 26. Nc4 {[%emt 0:00:30]} Bd8 {[%emt 0:00:03]} 27. Rd2 {[%emt 0:06:50]} b5 {[%emt 0:00:17]} 28. Na3 {[%emt 0:01:31]} b4 {[%emt 0:00:06]} 29. Nd5 {[%emt 0:00:12]} bxa3+ {[%emt 0:00:10]} 30. Kxa3 {[%emt 0:00:06]} Re5 {[%emt 0:00:52]} 31. c4 {[%emt 0:00:23]} Kxd6 {[%emt 0:00:06]} 32. Nb4+ {[%emt 0:00:23]} Kc7 {[%emt 0:00:51]} 33. Nxa6+ {[%emt 0:00:25]} Kb7 {[%emt 0:00:04]} 34. Nb4 {[%emt 0:00:24]} Be7 {[%emt 0:00:52]} 35. Rd7+ {[%emt 0:00:18]} Kc8 {[%emt 0:00:59]} 36. Ra7 {[%emt 0:00:25]} Rxh2 {[%emt 0:00:38]} 37. Ka4 {[%emt 0:00:33]} f5 {[%emt 0:00:46]} 38. a3 {[%emt 0:00:18]} Bxb4 {[%emt 0:00:07]} 39. Kxb4 {[%emt 0:00:19]} f4 {[%emt 0:00:05]} 0-1

[Event "2nd Irena Warakomska Memorial-A"]
[Site "Suwalki"]
[Date "2018.08.03"]
[Round "3"]
[White "Godzwon, Iwo"]
[Black "Gumularz, Szymon"]
[Result "1-0"]
[WhiteElo "2222"]
[BlackElo "2458"]
[Annotator "ChessBase"]
[PlyCount "103"]
[EventDate "2018.08.01"]
[EventType "swiss"]
[EventCountry "POL"]
[SourceTitle "playchess.com"]
[Source "ChessBase"]
[SourceQuality "1"]
[TimeControl "40/5400+30:1800+30"]

1. e4 {[%emt 0:00:00]} c5 {[%emt 0:00:00]} 2. Nf3 {[%emt 0:00:04]} d6 {[%emt 0:00:00]} 3. d4 {[%emt 0:00:04]} cxd4 {[%emt 0:00:00]} 4. Nxd4 {[%emt 0:00:03]} Nf6 {[%emt 0:00:00]} 5. Nc3 {[%emt 0:00:04]} a6 {[%emt 0:00:06]} 6. Be3 {[%emt 0:00:09]} e6 {[%emt 0:02:36]} 7. g4 {[%emt 0:02:29]} b5 {[%emt 0:09:44]} 8. g5 {[%emt 0:04:48]} Nfd7 {[%emt 0:00:08]} 9. a3 {[%emt 0:03:54]} Bb7 {[%emt 0:03:55]} 10. h4 {[%emt 0:11:35]} Nb6 {[%emt 0:08:25]} 11. Qh5 {[%emt 0:04:22]} g6 {[%emt 0:02:10]} 12. Qg4 {[%emt 0:03:03]} e5 {[%emt 0:19:34]} 13. Nb3 {[%emt 0:11:08]} h5 {[%emt 0:03:51]} 14. gxh6 {[%emt 0:02:28]} Bxh6 {[%emt 0:05:23]} 15. O-O-O {[%emt 0:03:20]} Bxe3+ {[%emt 0:04:24]} 16. fxe3 {[%emt 0:00:14]} Qe7 {[%emt 0:09:35]} 17. Na5 {[%emt 0:09:54]} Bc8 {[%emt 0:00:49]} 18. Qg3 {[%emt 0:01:33]} Be6 {[%emt 0:03:17]} 19. Nd5 {[%emt 0:08:15]} Bxd5 {[%emt 0:05:02]} 20. exd5 {[%emt 0:00:04]} Qc7 {[%emt 0:01:16]} 21. h5 {[%emt 0:12:13]} N8d7 {[%emt 0:06:58]} 22. Bg2 {[%emt 0:02:58]} O-O-O {[%emt 0:03:45]} 23. hxg6 {[%emt 0:00:09]} fxg6 {[%emt 0:00:24]} 24. Nc6 {[%emt 0:00:07]} Rdf8 {[%emt 0:00:38]} 25. Qxg6 {[%emt 0:00:51]} Nc4 {[%emt 0:01:10]} 26. Rxh8 {[%emt 0:04:48]} Rxh8 {[%emt 0:00:03]} 27. Qg7 {[%emt 0:01:40]} Rh2 {[%emt 0:03:11]} 28. Qg3 {[%emt 0:00:06]} Rh6 {[%emt 0:01:10]} 29. Bh3 {[%emt 0:00:27]} Kb7 {[%emt 0:00:16]} 30. Bxd7 {[%emt 0:00:57]} Qxd7 {[%emt 0:00:04]} 31. Qg8 {[%emt 0:00:03]} Qc7 {[%emt 0:01:05]} 32. Rg1 {[%emt 0:02:41]} Rh7 {[%emt 0:01:11]} 33. e4 {[%emt 0:00:20]} Kb6 {[%emt 0:00:55]} 34. Qg3 {[%emt 0:02:48]} Kb7 {[%emt 0:00:16]} 35. Qg8 {[%emt 0:02:53]} Kb6 {[%emt 0:00:08]} 36. Rf1 {[%emt 0:00:57]} Qg7 {[%emt 0:01:58]} 37. Qd8+ {[%emt 0:01:30]} Qc7 {[%emt 0:00:15]} 38. Qf6 {[%emt 0:00:38]} Rh2 {[%emt 0:01:14]} 39. Qg5 {[%emt 0:02:02]} Rh3 {[%emt 0:02:24]} 40. Qg1+ {[%emt 0:00:13]} Ne3 {[%emt 0:00:00]} 41. Re1 {[%emt 0:00:09]} Qh7 {[%emt 0:01:01]} 42. Kd2 {[%emt 0:10:01]} Qxe4 {[%emt 0:10:19]} 43. Rxe3 {[%emt 0:00:04]} Qf4 {[%emt 0:00:03]} 44. Ke2 {[%emt 0:00:09]} Rh2+ {[%emt 0:00:18]} 45. Ke1 {[%emt 0:00:03]} Qh4+ {[%emt 0:02:54]} 46. Rg3+ {[%emt 0:00:04]} Kc7 {[%emt 0:00:04]} 47. Qa7+ {[%emt 0:00:03]} Kc8 {[%emt 0:00:03]} 48. Qb8+ {[%emt 0:00:03]} Kd7 {[%emt 0:00:04]} 49. Qb7+ {[%emt 0:00:03]} Ke8 {[%emt 0:00:04]} 50. Qc8+ {[%emt 0:00:02]} Kf7 {[%emt 0:00:19]} 51. Qe6+ {[%emt 0:00:03]} Kf8 {[%emt 0:00:03]} 52. Qg8# {[%emt 0:00:04]} 1-0